| 000 | 00567nam a22001577a 4500 | ||
|---|---|---|---|
| 020 | _qHard Cover. | ||
| 082 | _a658.15 | ||
| 100 | _aBashir, Benish | ||
| 245 |
_aContagion Effect among Institutions and Sovereign Credit Default Swap of Pakistan State Dependent Sensitivity Analysis Value at risk Approach (SDR VaR) _cBeenish Bashir. |
||
| 260 |
_aIslamabad: _bNBS - NUST, |
||
| 300 |
_aiii, 35 p. : _c30cm. |
||
| 650 |
_aM. Phil. Thesis _919286 |
||
| 700 |
_aDr. Salim Batla. _917547 |
||
| 942 |
_2ddc _cTHE |
||
| 999 |
_c527850 _d527850 |
||